000 01334cam a2200325 a 4500
005 20260322212017.0
008 data
010 _a 2006934336
020 _a9781596522909
020 _a1596522909
040 _aIG#
_cIG#
_dDLC
_dBAKER
_dDLC
042 _alccopycat
043 _an-us-tx
050 0 0 _aF394.D2143
_bH39 2006
082 0 4 _a976.4/2812060222
_222
092 _a976.4 H39 2006
100 1 _aHazel, Michael V.,
_d1948-
245 1 0 _aHistoric photos of Dallas /
_cMichael V. Hazel.
260 _aNashville, Tenn. :
_bTurner Pub. Co.,
_cc2006.
300 _ax, 206 p. :
_bchiefly ill. ;
_c26 cm.
505 0 _aFrom 1840s outpost to turn-of-the-century boomtown (1850-1899) -- Stirrings of a new century (1900-1929) -- From the great depression to postwar metropolis (1930-1949) -- The modern age (1950-1969).
650 0 _aHistoric buildings
_zDallas
_zDallas
_vPictorial works.
651 0 _aDallas (Tex.)
_xHistory
_vPictorial works.
651 0 _aDallas (Tex.)
_xSocial life and customs
_vPictorial works.
651 0 _aDallas (Tex.)
_xBuildings, structures, etc.
_vPictorial works.
906 _a7
_bcbc
_ccopycat
_d2
_encip
_f20
_gy-gencatlg
925 0 _aacquire
_b2 shelf copies
_xpolicy default
955 _dlk31 2007-07-31 to SL
_elk13 2007-07-31 to Dewey
001 data
999 _c366
_d366